000 01502nam a2200325 a 4500
001 BRCA_2492
005 20190320203832.0
008 211108s1845----fr-#---###---#000-0dspa-u
041 _aspa
044 _afr
084 _a132
_b.B39
_c1845
100 1 _aCervantes Saavedra, Miguel de
_d1547-1616
_9213
245 1 0 _aEl Ingenioso Hidalgo Don Quijote de la Mancha
_ccompuesto por Miguel de Cervantes Saavedra.
260 _aParís
_bLibreria europea Baudry
_c1845
300 _a679 p.
_c23 cm.
440 0 _aObras de M. de Cervantes Saavedra
_n1
_97185
500 _aContenido : v 1. Primera parte. Vida de Cervantes por M.F. de Navarrete. Dedicatoria del autor. Prólogo del autor. Versos preliminares. Texto. Segunda parte. Dedicatoria del autor. Prólogo del autor. Texto
500 _aEdición :Con la vida de Cervantes por M. F. de Navarrete
500 _aReimpresión de la edición de 1840 del mismo editor. Semipiel; lomeras decoradas con adornos dorados Lúdovik Osterc
500 _aEstado físico : Lomo deteriorado, ligeramente desesperadio
500 _aQFM113
650 1 4 _aNovela española
_yÉpoca clásica, 1500-1700
_9215
650 1 4 _aLiteratura española
_yÉpoca clásica, 1500-1700
_9216
650 1 4 _aNovela española
_ySiglo XVII
_9217
650 1 4 _aDon Quijote (Personaje ficticio)
_eNovela
_9218
700 1 _aFernández de Navarrete, Martín
_d1765-1844
_eBiógrafo
_97186
740 0 _aEl Ingenioso Hidalgo Don Quijote de la Mancha
902 _aQFM
942 _2lcc
_cB
999 _c2233
_d2233